Countries With The Most FIFA World Cup Wins - Statistics

General Stats
  • This quiz has been taken 43 times
  • The average score is 8 of 8
Answer Stats
Years Country % Correct
1978, 1986, 2022 Argentina
100%
1958, 1962, 1970, 1994, 2002 Brazil
100%
1966 England/ United Kingdom
100%
1998, 2018 France
100%
1954, 1974, 1990, 2014 Germany
100%
1934, 1938, 1982, 2006 Italy
98%
2018 Spain
85%
1930, 1950 Uruguay
85%
No matching quizzes found
Score Distribution
Percent of People with Each Score
Percentile by Number Answered
Your Score History
You have not taken this quiz